Canadian journal of political science Revue canadienne de science politique.

Detalles Bibliográficos
Título anterior:Canadian journal of economics and political science (Online)
Autores Corporativos: Canadian Political Science Association, Société canadienne de science politique, Société québécoise de science politique
Formato: Electrónico Revista
Lenguaje:inglés
francés
Publicado: Toronto, Ont., Canada : University of Toronto Press, 1968-
Materias:
Acceso en línea:Full text available from Research Library: 03/01/2001 to 1 year ago

MARC

LEADER 00000nas a2200000 a 4500
001 ssj0007753
003 WaSeSS
005 20200512172242.0
006 m d
007 cr n
008 020306c19689999oncqr pss o 0 0eng c
010 |a  2005237237 
015 |a GBB401072  |2 bnb 
016 7 |a 2066084-4  |2 DE-600 
016 7 |a 012966190  |2 Uk 
022 |y 0008-4239 
035 |a (WaSeSS)ssj0007753 
040 |a BUF  |b eng  |c BUF  |d OCLCQ  |d MUQ  |d N@F  |d OCLCQ  |d EYM  |d HUL  |d OCLCS  |d OCL  |d OCLCQ  |d OCLCF  |d OCLCQ  |d DEBBG  |d NLE  |d GILDS  |d OCLCO  |d UKMGB  |d VT2  |d NJT  |d WaSeSS 
041 0 |a eng  |a fre 
042 |a pcc 
050 1 4 |a JA4 
055 0 1 |a JC253 
082 0 4 |a 320 
130 0 |a Canadian journal of political science (Online) 
245 1 0 |a Canadian journal of political science  |h [electronic resource] =  |b Revue canadienne de science politique. 
246 3 0 |a CJPS  |f Mar. 1995- 
246 3 0 |a RCSP  |f Mar. 1995- 
246 3 1 |a Revue canadienne de science politique 
260 |a Toronto, Ont., Canada :  |b University of Toronto Press,  |c 1968- 
310 |a Quarterly 
362 0 |a Vol. 1, no. 1 (Mar. 1968)- 
500 |a Title from title screen (JSTOR, viewed Sept. 14, 2005). 
500 |a Published: Waterloo, Ont. Canada : Wilfrid Laurier University Press, 1977- 
506 |a License restrictions may limit access. 
538 |a Mode of access: World Wide Web. 
546 |a Text in English and French with summaries. 
550 |a Published for: Canadian Political Science Association and Société canadienne de science politique, 1968-Sept. 1979; Canadian Political Science Association and Société québécoise de science politique, Dec. 1979- 
588 |a Latest issue consulted: Vol. 34 no. 1 (2001) (CatchWord, viewed Mar. 6, 2002). 
650 0 |a Political science  |v Periodicals. 
650 6 |a Science politique  |v Périodiques. 
650 7 |a Political science.  |2 fast  |0 (OCoLC)fst01069781 
655 0 |a Electronic journals. 
710 2 |a Canadian Political Science Association. 
710 2 |a Société canadienne de science politique. 
710 2 |a Société québécoise de science politique. 
770 0 |t Theses in Canadian political science. Supplement (Online)  |g 1977/1979- 
776 1 |t Canadian journal of political science  |x 0008-4239  |w (DLC)ce 76309032  |w (OCoLC)1553156 
780 0 1 |t Canadian journal of economics and political science (Online)  |w (DLC) 2001227202  |w (OCoLC)47075794 
856 4 0 |z Full text available from Research Library: 03/01/2001 to 1 year ago  |u https://search.proquest.com/publication/47037